| 000 | 01809nam0a2200361 4500 | ||
|---|---|---|---|
| 001 | RU\NLR\BIBL_A\010978649 | ||
| 005 | 20170503122058.0 | ||
| 010 |
_a978-5-00023-836-3 _9100 |
||
| 021 |
_aRU _b2016-4016 _9246 |
||
| 035 | _a(NLR Aleph) 010978649 | ||
| 035 | _a(NILC)RuMoRGB-008124316 | ||
| 090 |
_a10859218 _c10859218 |
||
| 100 | _a20160210d2015 u y0rusy50 ca | ||
| 101 | 0 | _arus | |
| 102 | _aRU | ||
| 105 | _aa|||j|||000yy | ||
| 200 | 1 |
_aФормирование метапредметной компетентности учащихся 9-х классов _e(математика, химия, физика) _eучебное пособие _fА.Ж. Жафяров, Г.С. Качалова _gМ-во образования и науки РФ, ФГБОУ ВПО "Новосиб. гос. пед. ун-т" |
|
| 210 |
_aНовосибирск _cФГБОУ ВПО "Новосибирский государственный педагогический университет" _d2015 |
||
| 215 |
_a116, [1] с. _cил. _d20 |
||
| 320 | _aБиблиогр.: с. 115-117 (28 назв.) | ||
| 606 | 1 |
_aХимия _xПреподавание _xМетапредметный подход _jУчебные издания _2nlr_sh2 _3RU\NLR\AUTH\6601579195 |
|
| 610 | 0 | _aметапредметный подход - химия в школе | |
| 610 | 0 | _aхимия в школе | |
| 675 | _a373 | ||
| 686 | 1 | _aЧ426.57-25я7 | |
| 700 | 1 |
_aЖафяров _bА. Ж. _f1939- _gАкрям Жафярович _3RU\NLR\AUTH\7720373 |
|
| 701 | 1 |
_aКачалова _bГ. С. _f1957- _gГалина Семеновна _3RU\NLR\AUTH\7756860 |
|
| 801 | 0 |
_aRU _bРГБ _c20160125 _gRCR |
|
| 942 | _cBOOK | ||
| 980 | _aNBR | ||
| 980 | _aNB | ||